Milk production in the tropics (Record no. 8574)
[ view plain ]
| 000 -LEADER | |
|---|---|
| fixed length control field | 00224nam a22001097a 4500 |
| 040 ## - CATALOGING SOURCE | |
| Transcribing agency | SK |
| 082 ## - DEWEY DECIMAL CLASSIFICATION NUMBER | |
| Classification number | 637 |
| 100 ## - MAIN ENTRY--AUTHOR NAME | |
| Personal name | PAYNE W.J.A |
| 245 ## - TITLE STATEMENT | |
| Title | Milk production in the tropics |
| 260 ## - PUBLICATION, DISTRIBUTION, ETC. (IMPRINT) | |
| Place of publication | Phnom Penh |
| Name of publisher | FAO |
| Year of publication | 1989 |
| 942 ## - ADDED ENTRY ELEMENTS (KOHA) | |
| Koha item type | សៀវភៅភាសាអង់គ្លេស |
| 952 ## - LOCATION AND ITEM INFORMATION (KOHA) | |
| Withdrawn status [LOCAL, KOHA] | 0 |
| 952 ## - LOCATION AND ITEM INFORMATION (KOHA) | |
| Withdrawn status [LOCAL, KOHA] | 0 |
| Permanent Location | Date acquired | Koha item type | Lost status | Shelving location | Barcode | Current Location | Full call number |
|---|---|---|---|---|---|---|---|
| Library Block C | 2016-08-05 | សៀវភៅភាសាអង់គ្លេស | C242 | RUA045883 | Library Block C | 637 PAY 1989 C242 | |
| Library Block C | 2016-10-12 | សៀវភៅភាសាអង់គ្លេស | C239 | RUA045417 | Library Block C | 637 PAY 1989 C239 |